Statistics for Top 35 R&B Artists of All-Time

Click here to take the quiz!

General Stats

  • This quiz has been taken 47 times
  • The average score is 11 of 35

Answer Stats

#Singer% Correct
9Whitney Houston
73%
1Michael Jackson
68%
21Beyoncé
65%
17Janet Jackson
65%
5Aretha Franklin
62%
2Stevie Wonder
57%
7Marvin Gaye
54%
15R. Kelly
54%
6James Brown
51%
31Usher
49%
18Diana Ross
41%
29Tina Turner
41%
20Mary J. Blige
38%
8Prince
35%
4Ray Charles
32%
10Al Green
30%
35Etta James
30%
14Luther Vandross
27%
12Lionel Richie
24%
27Alicia Keys
22%
19Chaka Khan
22%
3Smokey Robinson
19%
23Barry White
16%
13Curtis Mayfield
16%
30Erykah Badu
16%
28Sam Cooke
16%
26Anita Baker
14%
32D'Angelo
14%
24Isaac Hayes
14%
16Babyface
8%
11Bill Withers
8%
34Jill Scott
5%
33Maxwell
5%
25Donny Hathaway
3%
22Patti LeBelle
0%

Score Distribution

Percentile by Number Answered

Percent of People with Each Score

Your Score History

You have not taken this quiz